[Event "DVM U14 2016"]
[Site "Düsseldorf GER"]
[Date "2016.12.28"]
[Round "3"]
[White "Suvorov, Alexander"]
[Black "Chernykh, Arkady"]
[Result "1-0"]
[Termination "normal"]
[Board "1.1"]
[WhiteElo "2149"]
[BlackElo "1896"]
[WhiteClock "00:08:30"]
[BlackClock "00:33:47"]
[WhiteTeam "SG Porz"]
[BlackTeam "Karlsruher SF"]
[PlyCount "95"]
[WhiteFideId "12977063"]
[BlackFideId "12989436"]
[EventCountry "GER"]
[EventRounds "7"]
[EventType "team-swiss"]
[EventDate "2016.12.26"]

1. d4 {[%clk 1:30:58]} Nf6 {[%clk 1:30:42]} 2. c4 {[%clk 1:31:22]} g6 {[%clk
1:31:09]} 3. Nc3 {[%clk 1:31:46]} Bg7 {[%clk 1:31:35]} 4. Nf3 {[%clk 1:32:05]}
d6 {[%clk 1:32:01]} 5. g3 {[%clk 1:32:26]} O-O {[%clk 1:31:54]} 6. Bg2 {[%clk
1:32:50]} Nc6 {[%clk 1:31:42]} 7. O-O {[%clk 1:33:00]} a6 {[%clk 1:32:06]} 8.
Qd3 {[%clk 1:33:24]} e5 {[%clk 1:27:09]} 9. dxe5 {[%clk 1:33:34]} dxe5 {[%clk
1:27:25]} 10. Qxd8 {[%clk 1:33:22]} Rxd8 {[%clk 1:27:44]} 11. Bg5 {[%clk
1:30:47]} Be6 {[%clk 1:23:15]} 12. Nd2 {[%clk 1:29:15]} h6 {[%clk 1:17:52]} 13.
Bxf6 {[%clk 1:25:28]} Rxd2 {[%clk 1:16:34]} 14. Bxg7 {[%clk 1:24:51]} Kxg7
{[%clk 1:17:00]} 15. Bxc6 {[%clk 1:18:50]} bxc6 {[%clk 1:17:29]} 16. b3 {[%clk
1:19:09]} Rad8 {[%clk 1:16:22]} 17. Rfd1 {[%clk 1:16:55]} R8d4 {[%clk 1:06:32]}
18. Rxd2 {[%clk 0:47:16]} Rxd2 {[%clk 1:06:52]} 19. Kf1 {[%clk 0:44:34]} f5
{[%clk 1:03:38]} 20. Ke1 {[%clk 0:43:13]} Rd4 {[%clk 1:03:42]} 21. Rd1 {[%clk
0:39:14]} Kf6 {[%clk 1:00:21]} 22. Na4 {[%clk 0:34:32]} a5 {[%clk 0:57:18]} 23.
Rxd4 {[%clk 0:29:51]} exd4 {[%clk 0:57:47]} 24. Kd2 {[%clk 0:29:42]} Ke5 {[%clk
0:55:13]} 25. Kd3 {[%clk 0:25:16]} g5 {[%clk 0:55:22]} 26. Nc5 {[%clk 0:24:43]}
Bc8 {[%clk 0:52:16]} 27. f3 {[%clk 0:23:02]} h5 {[%clk 0:47:40]} 28. Kd2 {[%clk
0:13:01]} f4 {[%clk 0:43:12]} 29. Nd3+ {[%clk 0:12:34]} Kf5 {[%clk 0:43:34]}
30. gxf4 {[%clk 0:12:30]} gxf4 {[%clk 0:44:02]} 31. h4 {[%clk 0:12:43]} Be6
{[%clk 0:42:57]} 32. Kc2 {[%clk 0:12:32]} a4 {[%clk 0:35:34]} 33. Kb2 {[%clk
0:12:29]} Bf7 {[%clk 0:35:25]} 34. Ka3 {[%clk 0:11:52]} axb3 {[%clk 0:35:50]}
35. Kxb3 {[%clk 0:11:19]} Ke6 {[%clk 0:35:51]} 36. Kb4 {[%clk 0:09:05]} Kd6
{[%clk 0:35:42]} 37. c5+ {[%clk 0:08:56]} Ke7 {[%clk 0:34:28]} 38. a4 {[%clk
0:09:03]} Kd8 {[%clk 0:34:43]} 39. Nxf4 {[%clk 0:08:12]} Kc8 {[%clk 0:34:17]}
40. Nd3 {[%clk 0:07:55]} Kb7 {[%clk 0:34:04]} 41. Ne5 {[%clk 0:07:35]} Bd5
{[%clk 0:34:21]} 42. f4 {[%clk 0:07:25]} Be6 {[%clk 0:33:56]} 43. Nf3 {[%clk
0:07:03]} d3 {[%clk 0:32:46]} 44. exd3 {[%clk 0:07:23]} Bg4 {[%clk 0:33:12]}
45. Ne5 {[%clk 0:07:49]} Bf5 {[%clk 0:33:28]} 46. d4 {[%clk 0:07:54]} Be4
{[%clk 0:33:49]} 47. Nf7 {[%clk 0:08:15]} Bd5 {[%clk 0:33:47]} 48. Nh6 {[%clk
0:08:30]} 1-0

[Event "DVM U14 2016"]
[Site "Düsseldorf GER"]
[Date "2016.12.28"]
[Round "3"]
[White "Koll, Lukas"]
[Black "Suvorov, Luca"]
[Result "1/2-1/2"]
[Termination "normal"]
[Board "1.2"]
[WhiteElo "1821"]
[BlackElo "2039"]
[WhiteClock "00:06:45"]
[BlackClock "00:02:22"]
[WhiteTeam "Karlsruher SF"]
[BlackTeam "SG Porz"]
[PlyCount "131"]
[WhiteFideId "12969737"]
[BlackFideId "12977071"]
[EventCountry "GER"]
[EventRounds "7"]
[EventType "team-swiss"]
[EventDate "2016.12.26"]

1. Nf3 {[%clk 1:30:58]} Nf6 {[%clk 1:30:55]} 2. g3 {[%clk 1:31:23]} g6 {[%clk
1:31:21]} 3. Bg2 {[%clk 1:31:50]} Bg7 {[%clk 1:31:37]} 4. O-O {[%clk 1:31:57]}
O-O {[%clk 1:31:22]} 5. b3 {[%clk 1:32:14]} d6 {[%clk 1:30:07]} 6. Bb2 {[%clk
1:30:36]} e5 {[%clk 1:26:09]} 7. e3 {[%clk 1:27:33]} c6 {[%clk 1:22:59]} 8. c4
{[%clk 1:23:53]} Nh5 {[%clk 1:04:25]} 9. e4 {[%clk 1:17:41]} c5 {[%clk
0:52:10]} 10. d3 {[%clk 1:12:38]} Nc6 {[%clk 0:50:40]} 11. Nc3 {[%clk 1:12:42]}
Nf6 {[%clk 0:39:29]} 12. Qc2 {[%clk 1:11:16]} a6 {[%clk 0:39:10]} 13. h3 {[%clk
1:09:59]} h6 {[%clk 0:35:59]} 14. a3 {[%clk 1:08:20]} Rb8 {[%clk 0:35:59]} 15.
Na2 {[%clk 1:04:03]} Be6 {[%clk 0:29:45]} 16. Bc1 {[%clk 1:03:13]} Qd7 {[%clk
0:28:25]} 17. Kh2 {[%clk 1:03:22]} b5 {[%clk 0:28:26]} 18. Be3 {[%clk 0:57:57]}
Rfc8 {[%clk 0:24:00]} 19. Qd2 {[%clk 0:56:07]} Kh7 {[%clk 0:22:03]} 20. Rab1
{[%clk 0:55:53]} a5 {[%clk 0:17:14]} 21. a4 {[%clk 0:52:03]} b4 {[%clk
0:13:23]} 22. Ng1 {[%clk 0:49:44]} Ng8 {[%clk 0:09:48]} 23. f4 {[%clk 0:46:54]}
exf4 {[%clk 0:09:42]} 24. Bxf4 {[%clk 0:47:09]} Rf8 {[%clk 0:07:31]} 25. Rbe1
{[%clk 0:46:11]} Nd4 {[%clk 0:07:44]} 26. Qd1 {[%clk 0:45:23]} Rbe8 {[%clk
0:06:50]} 27. Nc1 {[%clk 0:43:54]} Be5 {[%clk 0:05:20]} 28. Be3 {[%clk
0:41:37]} Nc6 {[%clk 0:05:05]} 29. Nf3 {[%clk 0:38:55]} f5 {[%clk 0:03:12]} 30.
Nxe5 {[%clk 0:38:54]} Nxe5 {[%clk 0:03:19]} 31. d4 {[%clk 0:38:22]} cxd4 {[%clk
0:02:54]} 32. Bxd4 {[%clk 0:38:23]} Nc6 {[%clk 0:02:17]} 33. h4 {[%clk
0:35:27]} Nf6 {[%clk 0:01:26]} 34. exf5 {[%clk 0:21:34]} gxf5 {[%clk 0:01:01]}
35. Bxf6 {[%clk 0:19:12]} Rxf6 {[%clk 0:01:22]} 36. Nd3 {[%clk 0:17:51]} Rg8
{[%clk 0:00:52]} 37. Rxe6 {[%clk 0:15:01]} Rxe6 {[%clk 0:01:06]} 38. Bd5 {[%clk
0:15:26]} Re3 {[%clk 0:00:47]} 39. Bxg8+ {[%clk 0:14:56]} Kxg8 {[%clk 0:01:16]}
40. Nf4 {[%clk 0:12:46]} Ne7 {[%clk 0:00:51]} 41. Nd5 {[%clk 0:03:24]} Re6
{[%clk 0:06:40]} 42. Nxe7+ {[%clk 0:32:28]} Rxe7 {[%clk 0:05:12]} 43. Qd5+
{[%clk 0:31:09]} Kg7 {[%clk 0:05:03]} 44. Qxf5 {[%clk 0:29:52]} Qxf5 {[%clk
0:05:10]} 45. Rxf5 {[%clk 0:30:17]} Re3 {[%clk 0:05:27]} 46. Rxa5 {[%clk
0:20:39]} Rxb3 {[%clk 0:05:47]} 47. Ra7+ {[%clk 0:20:26]} Kf6 {[%clk 0:05:13]}
48. Rb7 {[%clk 0:18:44]} Rb2+ {[%clk 0:05:16]} 49. Kh3 {[%clk 0:19:09]} b3
{[%clk 0:05:41]} 50. a5 {[%clk 0:19:25]} Ra2 {[%clk 0:03:40]} 51. Rxb3 {[%clk
0:10:51]} Rxa5 {[%clk 0:04:04]} 52. Rf3+ {[%clk 0:11:06]} Kg7 {[%clk 0:02:10]}
53. Kg4 {[%clk 0:11:04]} h5+ {[%clk 0:02:03]} 54. Kh3 {[%clk 0:10:08]} Rc5
{[%clk 0:01:47]} 55. Rf4 {[%clk 0:08:02]} Kg6 {[%clk 0:01:01]} 56. Rd4 {[%clk
0:08:07]} Rc6 {[%clk 0:01:27]} 57. Kg2 {[%clk 0:08:29]} Kf6 {[%clk 0:01:20]}
58. Kf3 {[%clk 0:08:25]} Kf7 {[%clk 0:01:15]} 59. Ke4 {[%clk 0:07:32]} Ke6
{[%clk 0:01:37]} 60. Kd3 {[%clk 0:07:41]} Rc5 {[%clk 0:00:51]} 61. Ke4 {[%clk
0:06:10]} Rxc4 {[%clk 0:00:50]} 62. Rxc4 {[%clk 0:06:00]} d5+ {[%clk 0:01:11]}
63. Kd4 {[%clk 0:06:08]} dxc4 {[%clk 0:01:40]} 64. Kxc4 {[%clk 0:06:33]} Kf5
{[%clk 0:02:07]} 65. Kd3 {[%clk 0:06:45]} Kg4 {[%clk 0:02:22]} 66. Ke2 1/2-1/2

[Event "DVM U14 2016"]
[Site "Düsseldorf GER"]
[Date "2016.12.28"]
[Round "3"]
[White "Koll, Linus"]
[Black "Sewald, Richard"]
[Result "0-1"]
[Termination "normal"]
[Board "1.4"]
[WhiteElo "1728"]
[BlackElo "1710"]
[WhiteClock "00:35:18"]
[BlackClock "00:34:50"]
[WhiteTeam "Karlsruher SF"]
[BlackTeam "SG Porz"]
[PlyCount "122"]
[WhiteFideId "12990299"]
[BlackFideId "12983586"]
[EventCountry "GER"]
[EventRounds "7"]
[EventType "team-swiss"]
[EventDate "2016.12.26"]

1. e4 {[%clk 1:30:59]} c5 {[%clk 1:30:56]} 2. Nf3 {[%clk 1:31:22]} a6 {[%clk
1:31:18]} 3. d4 {[%clk 1:31:11]} cxd4 {[%clk 1:31:39]} 4. Nxd4 {[%clk 1:31:35]}
Nf6 {[%clk 1:31:55]} 5. Nc3 {[%clk 1:31:51]} e5 {[%clk 1:32:05]} 6. Nb3 {[%clk
1:31:29]} Bb4 {[%clk 1:30:15]} 7. Bd3 {[%clk 1:14:12]} d5 {[%clk 1:25:49]} 8.
exd5 {[%clk 1:11:07]} Nxd5 {[%clk 1:23:12]} 9. Bd2 {[%clk 1:11:02]} Bxc3 {[%clk
1:18:50]} 10. bxc3 {[%clk 1:09:57]} Nc6 {[%clk 1:12:17]} 11. Qf3 {[%clk
1:07:55]} Qd6 {[%clk 1:06:03]} 12. Be4 {[%clk 1:02:00]} Be6 {[%clk 1:02:50]}
13. Rd1 {[%clk 1:00:02]} Nde7 {[%clk 0:56:51]} 14. Bg5 {[%clk 0:51:43]} Qc7
{[%clk 0:56:21]} 15. Nc5 {[%clk 0:50:00]} Nd8 {[%clk 0:50:59]} 16. Nxb7 {[%clk
0:42:44]} Nxb7 {[%clk 0:48:58]} 17. Bxb7 {[%clk 0:42:46]} Ra7 {[%clk 0:46:20]}
18. Bc6+ {[%clk 0:27:49]} Nxc6 {[%clk 0:45:48]} 19. Qxc6+ {[%clk 0:28:13]} Bd7
{[%clk 0:46:11]} 20. Qf3 {[%clk 0:26:49]} O-O {[%clk 0:44:36]} 21. O-O {[%clk
0:27:00]} Rb7 {[%clk 0:39:25]} 22. Rb1 {[%clk 0:24:26]} Rfb8 {[%clk 0:36:07]}
23. Rb3 {[%clk 0:23:08]} Be6 {[%clk 0:32:51]} 24. Ra3 {[%clk 0:19:09]} Rb1
{[%clk 0:28:42]} 25. Rd1 {[%clk 0:16:45]} Qc5 {[%clk 0:22:09]} 26. Rxa6 {[%clk
0:15:31]} e4 {[%clk 0:21:49]} 27. Qe2 {[%clk 0:07:29]} Bc4 {[%clk 0:19:55]} 28.
Qe1 {[%clk 0:05:27]} Rxd1 {[%clk 0:20:06]} 29. Qxd1 {[%clk 0:05:53]} Bxa6
{[%clk 0:20:34]} 30. h3 {[%clk 0:05:49]} h6 {[%clk 0:20:32]} 31. Be3 {[%clk
0:04:51]} Qxc3 {[%clk 0:18:08]} 32. Kh2 {[%clk 0:04:07]} Rc8 {[%clk 0:16:57]}
33. Qg4 {[%clk 0:04:25]} Qe5+ {[%clk 0:12:02]} 34. Bf4 {[%clk 0:04:39]} Qe6
{[%clk 0:12:08]} 35. Qg3 {[%clk 0:04:31]} Rxc2 {[%clk 0:09:22]} 36. Be5 {[%clk
0:04:07]} Qg6 {[%clk 0:08:15]} 37. Qe3 {[%clk 0:01:55]} Rxa2 {[%clk 0:06:07]}
38. Bg3 {[%clk 0:01:57]} Qe6 {[%clk 0:05:17]} 39. Qf4 {[%clk 0:01:15]} Kh7
{[%clk 0:04:22]} 40. Qe3 {[%clk 0:01:29]} g5 {[%clk 0:03:04]} 41. Qd4 {[%clk
0:01:30]} e3 {[%clk 0:01:18]} 42. fxe3 {[%clk 0:30:09]} Bf1 {[%clk 0:31:11]}
43. Kg1 {[%clk 0:30:05]} Rxg2+ {[%clk 0:30:28]} 44. Kxf1 {[%clk 0:30:28]} Rxg3
{[%clk 0:30:54]} 45. h4 {[%clk 0:30:23]} Rxe3 {[%clk 0:30:58]} 46. hxg5 {[%clk
0:30:36]} hxg5 {[%clk 0:31:12]} 47. Kf2 {[%clk 0:30:28]} Re2+ {[%clk 0:30:50]}
48. Kf3 {[%clk 0:30:35]} Qe3+ {[%clk 0:30:15]} 49. Qxe3 {[%clk 0:30:55]} Rxe3+
{[%clk 0:30:40]} 50. Kxe3 {[%clk 0:31:21]} Kg6 {[%clk 0:31:05]} 51. Kf3 {[%clk
0:31:48]} Kf5 {[%clk 0:31:30]} 52. Kg3 {[%clk 0:32:13]} g4 {[%clk 0:31:55]} 53.
Kg2 {[%clk 0:32:37]} Kf4 {[%clk 0:32:21]} 54. Kf2 {[%clk 0:32:38]} g3+ {[%clk
0:32:16]} 55. Kg2 Kg4 {[%clk 0:33:11]} 56. Kg1 {[%clk 0:33:27]} Kf3 {[%clk
0:33:30]} 57. Kh1 {[%clk 0:33:48]} f5 {[%clk 0:33:56]} 58. Kg1 {[%clk 0:34:10]}
g2 {[%clk 0:34:21]} 59. Kh2 {[%clk 0:34:30]} Kf2 {[%clk 0:34:45]} 60. Kh3
{[%clk 0:34:50]} g1=Q {[%clk 0:35:06]} 61. Kh4 {[%clk 0:35:18]} Qg4# {[%clk
0:34:50]} 0-1

[Event "DVM U14 2016"]
[Site "Düsseldorf GER"]
[Date "2016.12.28"]
[Round "3"]
[White "Garbuz, Vitaliy"]
[Black "Wong, Gengchun"]
[Result "1/2-1/2"]
[Termination "normal"]
[Board "2.1"]
[WhiteElo "1865"]
[BlackElo "2076"]
[WhiteClock "00:00:33"]
[BlackClock "00:09:08"]
[WhiteTeam "SF Brackel"]
[BlackTeam "SV Dresden-Leuben"]
[PlyCount "61"]
[WhiteFideId "12990710"]
[BlackFideId "12963283"]
[EventCountry "GER"]
[EventRounds "7"]
[EventType "team-swiss"]
[EventDate "2016.12.26"]

1. e4 {[%clk 1:30:58]} c5 {[%clk 1:30:45]} 2. Nf3 {[%clk 1:31:10]} d6 {[%clk
1:31:09]} 3. c3 {[%clk 1:31:22]} Nf6 {[%clk 1:31:09]} 4. Be2 {[%clk 1:31:38]}
g6 {[%clk 1:29:12]} 5. O-O {[%clk 1:29:43]} Bg7 {[%clk 1:29:16]} 6. d3 {[%clk
1:27:48]} O-O {[%clk 1:29:21]} 7. h3 {[%clk 1:23:50]} Nc6 {[%clk 1:23:04]} 8.
Be3 {[%clk 1:23:13]} e5 {[%clk 1:13:18]} 9. Nbd2 {[%clk 0:48:50]} Re8 {[%clk
1:12:25]} 10. Ne1 {[%clk 0:45:55]} b6 {[%clk 1:05:29]} 11. f4 {[%clk 0:41:01]}
Bh6 {[%clk 0:54:37]} 12. Nc2 {[%clk 0:33:51]} exf4 {[%clk 0:49:49]} 13. Bxf4
{[%clk 0:34:04]} Bxf4 {[%clk 0:50:11]} 14. Rxf4 {[%clk 0:34:16]} Kg7 {[%clk
0:48:54]} 15. Qf1 {[%clk 0:28:50]} Be6 {[%clk 0:47:32]} 16. d4 {[%clk 0:27:02]}
d5 {[%clk 0:45:56]} 17. e5 {[%clk 0:24:24]} Ne4 {[%clk 0:46:16]} 18. Nxe4
{[%clk 0:22:08]} dxe4 {[%clk 0:46:40]} 19. Rd1 {[%clk 0:18:54]} cxd4 {[%clk
0:42:31]} 20. Bb5 {[%clk 0:17:50]} Nxe5 {[%clk 0:40:18]} 21. cxd4 {[%clk
0:05:28]} Nf3+ {[%clk 0:23:41]} 22. gxf3 {[%clk 0:01:33]} Qg5+ {[%clk 0:24:08]}
23. Rg4 {[%clk 0:01:15]} Bxg4 {[%clk 0:24:33]} 24. fxg4 {[%clk 0:01:32]} Re6
{[%clk 0:21:24]} 25. d5 {[%clk 0:01:12]} Rf6 {[%clk 0:21:49]} 26. Qg2 {[%clk
0:01:12]} h5 {[%clk 0:18:27]} 27. gxh5 {[%clk 0:00:55]} Qxh5 {[%clk 0:18:50]}
28. Be2 {[%clk 0:00:58]} Qe5 {[%clk 0:17:03]} 29. Ne3 {[%clk 0:00:42]} Qxb2
{[%clk 0:14:43]} 30. Qxe4 {[%clk 0:00:48]} Rd8 {[%clk 0:09:08]} 31. Bf3 {[%clk
0:00:33]} 1/2-1/2

[Event "DVM U14 2016"]
[Site "Düsseldorf GER"]
[Date "2016.12.28"]
[Round "3"]
[White "Bui, Hai Lam"]
[Black "Kartsev, Nikolaj"]
[Result "1-0"]
[Termination "normal"]
[Board "2.2"]
[WhiteElo "1922"]
[BlackElo "1739"]
[WhiteClock "00:29:56"]
[BlackClock "00:26:50"]
[WhiteTeam "SV Dresden-Leuben"]
[BlackTeam "SF Brackel"]
[PlyCount "97"]
[WhiteFideId "12975737"]
[BlackFideId "12939536"]
[EventCountry "GER"]
[EventRounds "7"]
[EventType "team-swiss"]
[EventDate "2016.12.26"]

1. e4 {[%clk 1:30:58]} c5 {[%clk 1:30:55]} 2. Nf3 {[%clk 1:31:23]} d6 {[%clk
1:31:21]} 3. d4 {[%clk 1:31:47]} cxd4 4. Nxd4 {[%clk 1:32:01]} Nf6 {[%clk
1:32:12]} 5. Nc3 {[%clk 1:32:26]} Nc6 {[%clk 1:32:04]} 6. Bg5 {[%clk 1:32:50]}
e6 {[%clk 1:32:25]} 7. Qd2 {[%clk 1:33:16]} h6 {[%clk 1:32:29]} 8. Bxf6 {[%clk
1:29:02]} gxf6 9. Be2 {[%clk 1:28:12]} a6 {[%clk 1:22:29]} 10. f4 {[%clk
1:23:30]} Be7 {[%clk 1:19:11]} 11. O-O-O {[%clk 1:15:22]} f5 {[%clk 1:18:07]}
12. exf5 {[%clk 1:13:44]} e5 {[%clk 1:17:03]} 13. Nb3 {[%clk 1:01:37]} Bxf5
{[%clk 1:13:11]} 14. g4 {[%clk 0:51:33]} Be6 {[%clk 0:42:00]} 15. Kb1 {[%clk
0:41:35]} f6 {[%clk 0:42:00]} 16. f5 {[%clk 0:41:35]} Bf7 {[%clk 0:33:18]} 17.
Bf3 Qc7 {[%clk 0:20:39]} 18. Bd5 {[%clk 0:40:08]} Rd8 {[%clk 0:16:47]} 19. a3
{[%clk 0:32:05]} Qb8 {[%clk 0:14:17]} 20. Ne4 {[%clk 0:30:10]} Qc7 {[%clk
0:09:50]} 21. Ng3 {[%clk 0:27:38]} Rd7 {[%clk 0:07:54]} 22. Nh5 {[%clk
0:22:20]} Bxd5 {[%clk 0:05:39]} 23. Qxd5 {[%clk 0:22:48]} Kd8 {[%clk 0:05:34]}
24. Ng7 {[%clk 0:21:39]} Kc8 {[%clk 0:05:23]} 25. Ne6 {[%clk 0:21:47]} Qb6
{[%clk 0:03:22]} 26. Nbc5 {[%clk 0:17:09]} Rdd8 {[%clk 0:02:15]} 27. Nxd8
{[%clk 0:16:26]} Rxd8 {[%clk 0:02:41]} 28. Ne4 {[%clk 0:16:12]} Nd4 {[%clk
0:02:08]} 29. Rd3 {[%clk 0:15:04]} Kb8 {[%clk 0:02:22]} 30. Rhd1 {[%clk
0:14:08]} Qc6 {[%clk 0:02:21]} 31. Nc3 {[%clk 0:10:08]} Rc8 {[%clk 0:02:13]}
32. Rxd4 {[%clk 0:08:16]} exd4 {[%clk 0:02:27]} 33. Rxd4 {[%clk 0:08:43]} Qxd5
{[%clk 0:02:17]} 34. Nxd5 {[%clk 0:08:53]} Bd8 {[%clk 0:02:33]} 35. c4 {[%clk
0:05:29]} Rc6 {[%clk 0:01:33]} 36. Re4 {[%clk 0:04:48]} Kc8 {[%clk 0:01:54]}
37. b3 {[%clk 0:04:15]} b5 {[%clk 0:01:45]} 38. cxb5 {[%clk 0:04:11]} axb5
{[%clk 0:01:56]} 39. Re6 {[%clk 0:04:27]} Kd7 {[%clk 0:00:49]} 40. Kb2 {[%clk
0:04:42]} Rc5 {[%clk 0:00:34]} 41. Nxf6+ {[%clk 0:05:05]} Bxf6+ {[%clk
0:29:44]} 42. Rxf6 {[%clk 0:35:45]} h5 {[%clk 0:30:09]} 43. h3 Re5 {[%clk
0:28:30]} 44. Re6 {[%clk 0:31:11]} Rc5 {[%clk 0:27:43]} 45. Rh6 {[%clk
0:31:31]} d5 {[%clk 0:26:44]} 46. Rxh5 {[%clk 0:29:25]} Rc6 {[%clk 0:26:46]}
47. f6 {[%clk 0:29:18]} Ke6 {[%clk 0:26:44]} 48. f7 {[%clk 0:29:34]} Rc8 {[%clk
0:26:50]} 49. Rf5 {[%clk 0:29:56]} 1-0

[Event "DVM U14 2016"]
[Site "Düsseldorf GER"]
[Date "2016.12.28"]
[Round "3"]
[White "Kracht, Raphael"]
[Black "Bui, Ngoc Han Julia"]
[Result "1-0"]
[Termination "normal"]
[Board "2.3"]
[WhiteElo "1639"]
[BlackElo "1773"]
[WhiteClock "00:06:22"]
[BlackClock "00:06:24"]
[WhiteTeam "SF Brackel"]
[BlackTeam "SV Dresden-Leuben"]
[PlyCount "75"]
[WhiteFideId "16214382"]
[BlackFideId "12977055"]
[EventCountry "GER"]
[EventRounds "7"]
[EventType "team-swiss"]
[EventDate "2016.12.26"]

1. e4 {[%clk 1:30:59]} e6 {[%clk 1:30:56]} 2. d4 {[%clk 1:31:25]} d5 {[%clk
1:31:21]} 3. Nd2 {[%clk 1:31:44]} Nf6 {[%clk 1:31:41]} 4. e5 {[%clk 1:31:55]}
Nfd7 {[%clk 1:32:05]} 5. f4 {[%clk 1:32:08]} c5 {[%clk 1:32:27]} 6. c3 {[%clk
1:32:30]} Nc6 {[%clk 1:30:05]} 7. Ndf3 {[%clk 1:31:26]} Be7 {[%clk 1:21:29]} 8.
g3 {[%clk 1:28:24]} f6 {[%clk 1:19:54]} 9. Kf2 {[%clk 1:19:46]} g5 {[%clk
1:16:51]} 10. exf6 {[%clk 0:56:15]} Nxf6 {[%clk 1:14:55]} 11. Nxg5 {[%clk
0:51:47]} cxd4 {[%clk 0:58:28]} 12. cxd4 {[%clk 0:40:40]} e5 {[%clk 0:50:23]}
13. Be2 {[%clk 0:21:52]} O-O {[%clk 0:38:02]} 14. dxe5 {[%clk 0:19:19]} Nxe5
{[%clk 0:33:19]} 15. Kg2 {[%clk 0:19:32]} Nc6 {[%clk 0:17:46]} 16. Be3 {[%clk
0:13:52]} d4 {[%clk 0:14:09]} 17. Qb3+ {[%clk 0:13:37]} Qd5+ {[%clk 0:13:08]}
18. Qxd5+ {[%clk 0:14:02]} Nxd5 {[%clk 0:13:30]} 19. Bc4 {[%clk 0:11:58]} dxe3
{[%clk 0:12:36]} 20. Bxd5+ {[%clk 0:12:19]} Kg7 {[%clk 0:12:43]} 21. N1f3
{[%clk 0:09:53]} Bc5 {[%clk 0:11:37]} 22. Rac1 {[%clk 0:09:28]} Bb6 {[%clk
0:10:42]} 23. Bxc6 {[%clk 0:09:06]} bxc6 {[%clk 0:11:07]} 24. Rxc6 {[%clk
0:09:13]} Re8 {[%clk 0:10:56]} 25. b4 {[%clk 0:05:35]} Bb7 {[%clk 0:11:12]} 26.
Re6 {[%clk 0:05:34]} Rxe6 {[%clk 0:10:10]} 27. Nxe6+ {[%clk 0:05:57]} Kf6
{[%clk 0:10:26]} 28. Nc5 {[%clk 0:06:14]} Bc6 {[%clk 0:09:38]} 29. Re1 {[%clk
0:06:17]} Re8 {[%clk 0:09:32]} 30. g4 {[%clk 0:06:10]} e2 {[%clk 0:08:24]} 31.
Kf2 {[%clk 0:05:41]} Bb5 {[%clk 0:08:04]} 32. Nd4 {[%clk 0:05:48]} Bc4 {[%clk
0:07:19]} 33. Nd7+ {[%clk 0:04:45]} Kg6 {[%clk 0:07:07]} 34. Nxb6 {[%clk
0:05:03]} axb6 {[%clk 0:07:30]} 35. Nxe2 {[%clk 0:05:20]} Bxa2 {[%clk 0:07:42]}
36. Nc3 {[%clk 0:05:30]} Rc8 {[%clk 0:05:59]} 37. Nxa2 {[%clk 0:05:55]} Rc2+
{[%clk 0:06:24]} 38. Re2 {[%clk 0:06:22]} 1-0

[Event "DVM U14 2016"]
[Site "Düsseldorf GER"]
[Date "2016.12.28"]
[Round "3"]
[White "Wong, Kar Yan"]
[Black "Seref, Erdogan"]
[Result "0-1"]
[Termination "normal"]
[Board "2.4"]
[WhiteElo "1537"]
[BlackElo "1724"]
[WhiteClock "00:25:40"]
[BlackClock "00:01:28"]
[WhiteTeam "SV Dresden-Leuben"]
[BlackTeam "SF Brackel"]
[PlyCount "84"]
[WhiteFideId "12971855"]
[BlackFideId "16206827"]
[EventCountry "GER"]
[EventRounds "7"]
[EventType "team-swiss"]
[EventDate "2016.12.26"]

1. e4 {[%clk 1:30:58]} e6 {[%clk 1:30:47]} 2. d4 {[%clk 1:31:23]} d5 {[%clk
1:31:11]} 3. exd5 {[%clk 1:31:48]} exd5 {[%clk 1:31:33]} 4. Bd3 {[%clk
1:32:03]} Bd6 {[%clk 1:30:34]} 5. Nc3 {[%clk 1:32:24]} Ne7 {[%clk 1:29:41]} 6.
Qh5 {[%clk 1:32:37]} Nbc6 {[%clk 1:24:34]} 7. Nge2 {[%clk 1:29:56]} Be6 {[%clk
1:21:47]} 8. a3 {[%clk 1:30:06]} Qd7 {[%clk 1:16:26]} 9. h3 {[%clk 1:22:05]}
O-O-O {[%clk 1:11:47]} 10. g4 {[%clk 1:19:49]} Rde8 {[%clk 1:00:56]} 11. f4
{[%clk 1:13:25]} g6 {[%clk 0:57:20]} 12. Qh4 {[%clk 1:12:50]} h5 {[%clk
0:56:15]} 13. g5 {[%clk 1:11:01]} Bf5 {[%clk 0:50:25]} 14. Qg3 {[%clk 1:09:11]}
Qe6 {[%clk 0:41:27]} 15. Kf2 {[%clk 1:03:44]} h4 {[%clk 0:37:46]} 16. Qf3
{[%clk 1:02:15]} Bxd3 {[%clk 0:35:34]} 17. Qxd3 {[%clk 1:01:42]} Nf5 {[%clk
0:35:02]} 18. Bd2 {[%clk 0:58:15]} Bf8 {[%clk 0:32:20]} 19. Na4 {[%clk
0:54:36]} b6 {[%clk 0:26:37]} 20. c3 {[%clk 0:50:12]} Nd6 {[%clk 0:24:12]} 21.
Rhe1 {[%clk 0:42:10]} Ne4+ {[%clk 0:22:27]} 22. Kg2 {[%clk 0:42:19]} Na5 {[%clk
0:20:59]} 23. Rad1 {[%clk 0:37:37]} Qd7 {[%clk 0:19:28]} 24. Qc2 {[%clk
0:37:00]} Nc4 {[%clk 0:17:57]} 25. Bc1 {[%clk 0:37:14]} Ncd6 {[%clk 0:15:08]}
26. Ng1 {[%clk 0:36:22]} Be7 {[%clk 0:12:40]} 27. b3 {[%clk 0:33:12]} f6 {[%clk
0:12:10]} 28. c4 {[%clk 0:30:13]} fxg5 {[%clk 0:10:22]} 29. cxd5 {[%clk
0:30:33]} g4 {[%clk 0:09:14]} 30. Qe2 {[%clk 0:28:49]} gxh3+ {[%clk 0:08:00]}
31. Nxh3 {[%clk 0:29:12]} g5 {[%clk 0:06:25]} 32. fxg5 {[%clk 0:27:50]} Nxg5
{[%clk 0:05:11]} 33. Nf4 {[%clk 0:27:17]} Rhg8 {[%clk 0:04:27]} 34. Kh2 {[%clk
0:27:19]} Nde4 {[%clk 0:03:08]} 35. Ne6 {[%clk 0:26:43]} Nxe6 {[%clk 0:02:12]}
36. Qxe4 {[%clk 0:26:36]} Bd6+ {[%clk 0:02:34]} 37. Kh1 {[%clk 0:26:47]} Nf4
{[%clk 0:02:10]} 38. Qf3 {[%clk 0:26:54]} Rg3 {[%clk 0:01:46]} 39. Rxe8+ {[%clk
0:25:51]} Qxe8 {[%clk 0:02:11]} 40. Qf1 {[%clk 0:25:11]} Qe4+ {[%clk 0:02:08]}
41. Kh2 {[%clk 0:25:23]} Rg2+ {[%clk 0:01:49]} 42. Kh1 {[%clk 0:25:40]} Rf2+
{[%clk 0:01:28]} 0-1

[Event "DVM U14 2016"]
[Site "Düsseldorf GER"]
[Date "2016.12.28"]
[Round "3"]
[White "Lichtmannecker, Daniel"]
[Black "Dietz, Florian"]
[Result "1-0"]
[Termination "normal"]
[Board "3.1"]
[WhiteElo "1684"]
[BlackElo "1922"]
[WhiteTeam "FC Ergolding"]
[BlackTeam "Reideburger SV 90 Halle"]
[PlyCount "101"]
[WhiteFideId "12979414"]
[BlackFideId "12939897"]
[EventCountry "GER"]
[EventRounds "7"]
[EventType "team-swiss"]
[EventDate "2016.12.26"]

1. d4 Nf6 2. Nf3 c5 3. e3 g6 4. Nbd2 d6 5. b3 Bg7 6. Bb2 O-O 7. Bd3 Nc6 8. a3
a6 9. O-O b5 10. Re1 Bb7 11. Rc1 Rc8 12. Qe2 cxd4 13. exd4 Nd5 14. g3 Qb6 15.
c4 bxc4 16. Nxc4 Qa7 17. Red1 Rfe8 18. Be4 Nf6 19. Bb1 Nd7 20. d5 Nce5 21.
Nfxe5 Nxe5 22. Nxe5 Rxc1 23. Rxc1 dxe5 24. Bxe5 f6 25. Bf4 Bxd5 26. b4 e5 27.
Be3 Qb7 28. Bd3 Ra8 29. Qc2 Be6 30. Qc6 Qxc6 31. Rxc6 Bd5 32. Rxa6 Rd8 33. Be2
Rc8 34. Ra5 Bb7 35. Ba6 Bxa6 36. Rxa6 f5 37. Bc5 f4 38. Kg2 g5 39. b5 h5 40.
Rg6 Ra8 41. Rxg5 Rxa3 42. gxf4 exf4 43. Bd4 f3+ 44. Kg3 h4+ 45. Kxh4 Rd3 46.
Rxg7+ Kh8 47. Rg4+ Kh7 48. Kh5 Rd1 49. Rf4 Rg1 50. Rf7+ Kg8 51. Rg7+ 1-0